Countries with most natural blondes - Statistics

General Stats
  • This quiz has been taken 1,077 times
  • The average score is 12 of 13
Answer Stats
Answer % Correct
Sweden
98%
Norway
97%
Finland
95%
United Kingdom
95%
Germany
94%
Denmark
93%
Poland
90%
Estonia
89%
Netherlands
89%
Latvia
88%
Iceland
87%
Lithuania
86%
Belarus
75%
No matching quizzes found
Score Distribution
Percent of People with Each Score
Percentile by Number Answered
Your Score History
You have not taken this quiz